Desarrollo de una aplicación para mejorar la administración de servicios de tecnologías de información y comunicación. Implantación en la oficina de Soporte Técnico de la DITI, en la Universidad Nacional de Ingeniería RUSB
Presenta una aplicación para mejorar la administración de servicios de tecnologías de información y comunicación a la oficina de Soporte técnico de la DITI UNI- RUSB. Abarca la interpretación de las normativas dictadas por ITIL, el análisis, diseño e implementación de una aplicación que s...
| Main Authors: | , |
|---|---|
| Other Authors: | |
| Format: | Tesis Section = Libro |
| Language: | Undetermined Spanish |
| Published: |
Managua
UNI
2008
|
| Subjects: |
| LEADER | 01528nam a2200265Ia 4500 | ||
|---|---|---|---|
| 008 | 240830s9999 xx 000 0 und d | ||
| 040 | |a BIBLIOTECA-RUSB/ Mon 303.4833 T694 | ||
| 041 | |a spa | ||
| 082 | |a Mon 303.4833 T694 | ||
| 100 | 1 | |a Torres Guadamuz, Denis José | |
| 100 | 1 | |b Poveda Chacón, Marconi Alexander | |
| 245 | 1 | 0 | |a Desarrollo de una aplicación para mejorar la administración de servicios de tecnologías de información y comunicación. Implantación en la oficina de Soporte Técnico de la DITI, en la Universidad Nacional de Ingeniería RUSB |
| 260 | |a Managua |b UNI |c 2008 | ||
| 300 | |a 72 p. :il. | ||
| 502 | |a Tesis (Ingeniero Electrónico) - UNI, 2008. | ||
| 520 | 3 | |a Presenta una aplicación para mejorar la administración de servicios de tecnologías de información y comunicación a la oficina de Soporte técnico de la DITI UNI- RUSB. Abarca la interpretación de las normativas dictadas por ITIL, el análisis, diseño e implementación de una aplicación que se basa en ITIL, usando herramientas software libre, implantar la aplicación desarrollada en la oficina de soporte técnico de la DITI en la UNI RUSB. | |
| 650 | 7 | |a TECNOLOGÍAS DE LA INFORMACIÓN- ADMINISTRACIÓN DE SERVICIOS DITI - UNI | |
| 650 | 7 | |b HISTORIA ITIL | |
| 650 | 7 | |c INGENIERÍA DE SOFTWARE | |
| 650 | 7 | |d ADMINISTRACIÓN DE CAMBIO | |
| 650 | 7 | |e SOPORTE TÉCNICO- TECNOLOGÍA DE INFORMACIÓN | |
| 700 | 1 | |a Tutor: |b Silva Molina, Enrique | |
| 942 | |c BK |2 ddc | ||
| 991 | |a TESIS | ||
| 999 | |c 19879 | ||